| 000 | 00995nam0a22002531 4500 | ||
|---|---|---|---|
| 001 | rc\2708162 | ||
| 005 | 20250529121741.0 | ||
| 035 | _a(NLR Aleph) 006836106 | ||
| 090 |
_a6596328 _c6596328 |
||
| 100 | _a20110915d1934 |||y0rusy50 ca | ||
| 101 | 0 | _arus | |
| 102 | _aRU | ||
| 105 | _ay z ||||| | ||
| 200 | 1 |
_aТезисы докладов _fУпр. начальной и средн. школы Наркомпроса. Науч.-иссл. ин-т политехн. образ... |
|
| 210 |
_aМосква _c1 журн. тип. ОНТИ _d1934 |
||
| 215 |
_a47 с. _d25х18 см. |
||
| 333 | _aНа правах рукописи | ||
| 710 | 1 | 2 |
_aВсероссийское совещание по политехническому образованию в средней школе, связанной с ж.-д. транспортом _f1933 _eМосква |
| 801 | 0 |
_aRU _bNLR _gpsbo |
|
| 801 | 1 |
_aRU _bELAR _2rusmarc |
|
| 852 |
_aNLR _j34-12/396 |
||
| 942 | _cBOOK | ||
| 980 | _aNB | ||